UK symbols - Statistics

General Stats
  • This quiz has been taken 312 times
  • The average score is 17 of 19
Answer Stats
Answer % Correct
Capital cities London
100%
Edinburgh
98%
Cardiff
97%
Constituent countries England
97%
Scotland
97%
Wales
97%
Northern Ireland
96%
Belfast
95%
Patron Saints St George
92%
National animals Lion
90%
St Patrick
89%
National Flowers/Plants Tudor Rose
88%
St Andrew
84%
Dragon
82%
St David
79%
Unicorn
74%
Thistle
73%
Leek or Daffodil
72%
Shamrock or Flax
56%
No matching quizzes found
Score Distribution
Percent of People with Each Score
Percentile by Number Answered
Your Score History
You have not taken this quiz